| 000 | 00520nam a22001577a 4500 | ||
|---|---|---|---|
| 003 | URS | ||
| 005 | 20220114172014.0 | ||
| 008 | 190527b xxu||||| |||| 00| 0 eng d | ||
| 020 | _a9788183876674 | ||
| 050 | 1 | 4 |
_aHF 5415 _bM572 |
| 100 | 1 |
_aMuramalla, Venkata Sai Srinivasa R. _d2014. _eauthor |
|
| 245 | 1 | 0 |
_aMarketing management : _btheory, concepts and applications / _cDr. Venkata Sai Srinivasa Rao. |
| 264 | 1 |
_aNew Delhi, India : _bSerials Publication , _c©2014. |
|
| 300 |
_axvi, 685 pages : _c23 cm. |
||
| 942 |
_2lcc _cFR |
||
| 999 |
_c15429 _d15429 |
||